01085nam a22002657a 45000010005000000030006000050050017000110080041000280200018000690400029000870820014001161000017001302450090001472600040002373000060002774900023003375050008003605200326003685210029006945210020007236500018007436500019007616500021007807000018008018293FISKH20250908150143.0250908b cb ||||| |||| 00| 0 eng d a9780091717308 aFISKHbengcFISKHdFISKH a839.82374 aProysen, Alf aMrs Pepperpot and the hidden treasure /cBy Alf Proysen : Illustrated by David Arthur aLondon : bA Red Fox Book , c1960. a32 unnumbered pages : bcolor illustrations ;c20 cm .  aMrs. Pepperpot v5 aK  aMrs Pepperpot has a problem -- poor Mrs Pepperpot has shrunk again! Puss wants to show her some treasure, in the neighbour's barn and they set off with Mrs Pepperpot holding tight to Puss's back. Together they have to dodge angry magpies, snowballs and next door's dog. But when they reach the treasure it's all worth it!8 a510 bLexile estimate 8 aK bRaz-Plus  aDogsvFiction aCats vFiction aAnimals vFicton aArthur, David